Szczegóły MARC21

Martin Walsers Goetheroman »Ein liebender Mann« : dichtung und historische Wahrheit /

003 -Nazwa inst., której nr kontr. jest w polu 001 [,]
    • @
    • Nazwa instytucji, której n kontrolny jest w polu 001
    • NUKAT
005 -DATA I CZAS OSTATNIEJ MODYFIKACJI [,]
    • @
    • pole kontrolne
    • 20241231100750.0
020 -Międzynarod. znormalizowany nr książki - ISBN [ , ]
    • a
    • Numer ISBN
    • 9783826049682 Find
040 -Instytucja sporządzająca opis [ , ]
    • a
    • Instytucja, która sporządziła opis (NP)
    • BYDG 24/EWI
    • b
    • Język katalogowania
    • pol
    • e
    • Zasady katalogowania
    • rda
    • c
    • Instytucja, która sporządziła rekord (NP)
    • BYDG 24/EWI
    • d
    • Instytucja, która zmodyfikowała rekord (P)
    • BYDG 24/ap
    • d
    • Instytucja, która zmodyfikowała rekord (P)
    • BYDG 24/mps
    • d
    • Instytucja, która zmodyfikowała rekord (P)
    • SZCZ U/JS
942 -Rodzaj dokumentu [ , ]
    • c
    • Rodzaj dokumentu
    • Książka
100 -Hasło główne - nazwa osobowa [1, ]
    • a
    • Nazwa osobowa (NP)
    • Schachner, Christiane C.
    • e
    • Rodzaj współpracy
    • Autor
    • 9
    • KHW
    • 475696
245 -Strefa tytułu i oznaczenia odpowiedzialności [1,0]
    • a
    • Tytuł
    • Martin Walsers Goetheroman »Ein liebender Mann« : Find
    • b
    • Ciąg dalszy tytułu (NP)
    • dichtung und historische Wahrheit / Find
    • c
    • Pozostałe elementy strefy tytułu i oznaczenia odpowiedzialności (NP)
    • Christiane C. Schachner.
260 -Strefa adresu wydawniczego [ , ]
    • a
    • Miejsce wydania (P)
    • Würzburg :
    • b
    • Nazwa wydawcy (P)
    • Königshausen & Neumann,
    • c
    • Data wydania (P)
    • © 2012.
300 -Strefa opisu fizycznego [ , ]
    • a
    • Określenie formy książki i/lub objętość (NP)
    • 153 strony :
    • b
    • Oznaczenie ilustracji (NP)
    • ilustracje ;
    • c
    • Format (NP)
    • 24 cm.
336 -Typ zawartości [ , ]
    • a
    • Termin opisujący typ zawartości
    • Tekst
    • b
    • Kod określający zawartość
    • txt
    • 2
    • Źródło (terminu i kodu)
    • rdacontent
337 -Typ mediów [ , ]
    • a
    • Tryb odtwarzania
    • Bez urządzenia pośredniczącego
    • b
    • Kod typu mediów
    • n
    • 2
    • Źródło (terminu i kodu)
    • rdamedia
338 -Typ/rodzaj nośnika [ , ]
    • a
    • Hasło opisujące typ nośnika
    • Wolumin
    • b
    • Kod typu nośnika
    • nc
    • 2
    • Źródło (terminu i kodu)
    • rdacarrier
490 -Strefa serii i książki wielotomowej - forma nie do wyszukiwania [1, ]
    • a
    • Tytuł (P)
    • Epistemata : Würzburger wissenschaftliche Schriften. Reihe Literaturwissenschaft ; Find
    • v
    • Numeracja (P)
    • Bd. 766
830 -Hasło dodatkowe serii i opisu książki wielotomowej - tytuł ujednolicony/tytuł [ ,0]
    • a
    • Tytuł ujednolicony/tytuł (NP)
    • Epistemata.
    • p
    • Nazwa części/podserii/sekcji (P)
    • Reihe Literaturwissenschaft
    • v
    • Oznaczenie tomu (NP)
    • Bd. 766
    • 9
    • KHW
    • 8754
504 -Uwaga dot. bibliogr. załącznikowej [ , ]
    • a
    • Uwaga dot. bibliografii załącznikowej
    • Bibliografia na stronach 131-150.
600 -Hasło przedmiotowe w formie nazwy osobowej [1,7]
    • a
    • Nazwa osobowa
    • Walser, Martin
    • d
    • Daty związane z nazwą
    • (1927-2023)
    • x
    • Określnik rzeczowy
    • krytyka i interpretacja.
    • 2
    • Źródło terminu
    • kaba
    • 9
    • KHW
    • 464176
710 -Hasło dodatkowe - nazwa ciała zbiorowego [2, ]
    • a
    • Nazwa ciała zbiorowego lub nazwa geograficzna jako pierwszy element (NP)
    • Königshausen & Neumann.
    • e
    • Rodzaj współpracy
    • Wydawca
    • 4
    • Kod relacji
    • pbl
    • 9
    • KHW
    • 347236
920 -ISBN [ , ]
    • a
    • ISBN
    • 978-3-8260-4968-2 Find
Data inwentaryzacji Lokalizacja Numer inwentarzowy Status udost. Sygnatura
2019-02-05BMG.19780-3Germ. Literaturozn.-M. Walser 05